书目信息 |
| 题名: |
萨克斯管练习曲集
|
|
| 作者: | 王清泉 编著 | |
| 分册: | 2 | |
| 出版信息: | 北京 人民音乐出版社 2000 |
|
| 页数: | 61页 | |
| 开本: | 31cm | |
| 丛书名: | ||
| 单 册: | ||
| 中图分类: | J647.121 | |
| 科图分类: | ||
| 主题词: | 练习曲 , 萨克管--练习曲--世界--现代--选集 , 音乐--作品--中国 | |
| 电子资源: | ||
| ISBN: | 7-103-02076-0 | |
| 000 | 01183nam0 2200349 450 | |
| 000 | 01146nam0 2200337 450 | |
| 000 | 01109nam0 2200325 450 | |
| 000 | 01074nam0 2200313 450 | |
| 000 | 01037nam0 2200313 450 | |
| 000 | 00983nam0 2200289 450 | |
| 000 | 01001nam0 2200277 450 | |
| 000 | 00964nam0 2200265 45 | |
| 001 | TS2006045513 | |
| 005 | 20061209144351.28 | |
| 010 | @a7-103-02076-0@dCNY15.80 | |
| 100 | @a20060829d2000 em y0chiy0120 ea | |
| 101 | 0 | @achi |
| 102 | @aCN@b110000 | |
| 105 | @ag z 000yy | |
| 200 | 1 | @a萨克斯管练习曲集@Asa ke si guan lian xi qu ji@h2@f王清泉编著@FWang Qing Quan Bian Zhu |
| 210 | @a北京@c人民音乐出版社@d2000 | |
| 215 | @a61页@c图@d31cm | |
| 330 | @a本册在第一册的基础上相应提高了难度,其节奏、音型及技巧都较前加深一步,包括两个升降号以内的大小调练习等内容。 | |
| 606 | 0 | @a练习曲 |
| 606 | 0 | @a萨克管@x练习曲@y世界@z现代@x选集 |
| 606 | 0 | @a音乐@x作品@x中国 |
| 690 | @aJ647.121@v4 | |
| 701 | 0 | @a王清泉@Awang qing quan@4编著 |
| 801 | 0 | @aCN@b中图数据@c20061209 |
| 905 | @a10447@dJ647.121@e99:2 | |
| 萨克斯管练习曲集.2/王清泉编著.-北京:人民音乐出版社,2000 |
| 61页:图;31cm |
| ISBN 7-103-02076-0:CNY15.80 |
| 本册在第一册的基础上相应提高了难度,其节奏、音型及技巧都较前加深一步,包括两个升降号以内的大小调练习等内容。 |
| ● |
| 相关链接 |
|
|
|
|
正题名:萨克斯管练习曲集
索取号:J647.121/99:2
 
预约/预借
| 序号 | 登录号 | 条形码 | 馆藏地/架位号 | 状态 | 备注 |
| 1 | 0610900 | 206109003 | 第一样本阅览室/ [索取号:J647.121/99:2] | 在馆 | |
| 2 | 0610901 | 206109012 | 第一借阅区/ [索取号:J647.121/99:2] | 在馆 | |
| 3 | 0610902 | 206109021 | 第一借阅区/ [索取号:J647.121/99:2] | 在馆 | |
| 4 | 0610903 | 206109030 | 第一借阅区/ [索取号:J647.121/99:2] | 在馆 | |
| 5 | 0610904 | 206109049 | 第一借阅区/ [索取号:J647.121/99:2] | 在馆 |